=LDR 00000nam 2200000 4500 =001 000424 =005 20250710034942 =035 ##$$a 0010-0725000286 =007 ta =008 250710################a##########0#ind## =020 ##$$a 978-623-472-348-9 =082 ##$$a 398.209 598 =084 ##$$a 398.209 598 APR o =100 #$$a Aprana Kapur, Radha Rangarajan =245 1#$$a O-oh! /$c Aprana Kapur, Radha Rangarajan =250 ##$$a Cetakan Pertama =260 ##$$a Jakarta :$b Badan Pengembangan dan Pembinaan Bahasa,$c 2022 =300 ##$$a 24 hlm. : $b ilus. ; $c 22,9 cm =650 #4$$a CERITA ANAK INDONESIA-TERJEMAHAN =650 #4$$a LITERASI-BAHAN BACAAN =990 ##$$a TBM01490149